[Event "Sportsko leto 2013"]
[Site "Paracin"]
[Date "2013.07.08"]
[Round "4.1"]
[White "Miladinovic, Igor"]
[Black "Damljanovic, Branko"]
[Result "1/2-1/2"]
[WhiteElo "2558"]
[BlackElo "2544"]
[PlyCount "136"]
[EventDate "2013.??.??"]

1. d4 Nf6 2. Bg5 Ne4 3. Bf4 d5 4. Nd2 Bf5 5. e3 e6 6. Bd3 Nxd2 7. Qxd2 Bxd3 8.
Qxd3 c6 9. Nf3 Nd7 10. O-O Be7 11. c4 O-O 12. h3 a5 13. Rfc1 Qb6 14. Rc2 Qa6
15. Rd1 Rfc8 16. b3 a4 17. e4 axb3 18. axb3 dxe4 19. Qxe4 Nf6 20. Qe3 Qb6 21.
Ne5 Ra3 22. Rd3 Ra1+ 23. Kh2 Qd8 24. Re2 Bd6 25. Qf3 Rca8 26. g4 h6 27. Kg2 Rb1
28. Bh2 Qe7 29. Rde3 Bxe5 30. Rxe5 Nd7 31. R5e3 Qf6 32. Qg3 Nf8 33. h4 Qxd4 34.
Rd3 Qf6 35. h5 Rb2 36. Rf3 Rxe2 37. Rxf6 gxf6 38. Qc7 Raa2 39. Bg3 e5 40. Qxb7
Ne6 41. b4 Nf4+ 42. Kh2 Nd3 43. g5 hxg5 44. Qc8+ Kg7 45. h6+ Kxh6 46. Qh8+ Kg6
47. Qg8+ Kh6 48. Qh8+ Kg6 49. Qg8+ Kf5 50. Qh7+ Ke6 51. Qxd3 f5 52. b5 f4 53.
bxc6 fxg3+ 54. Kxg3 Red2 55. Qe3 Rxf2 56. c7 Rg2+ 57. Kh3 Rh2+ 58. Kg3 Rag2+
59. Kf3 g4+ 60. Ke4 f5+ 61. Kd3 Kd7 62. Qxe5 Rh3+ 63. Kd4 Rd2+ 64. Kc5 Rhd3 65.
Qxf5+ Kxc7 66. Qxg4 Rd1 67. Qg7+ Rd7 68. Qg3+ Kb7 1/2-1/2

[Event "Sportsko leto 2013"]
[Site "Paracin"]
[Date "2013.07.08"]
[Round "4.1"]
[White "Mista, Alexander"]
[Black "Ulibin, Mikhail"]
[Result "0-1"]
[WhiteElo "2579"]
[BlackElo "2529"]
[PlyCount "82"]
[EventDate "2013.??.??"]

1. c4 c5 2. g3 Nc6 3. Bg2 g6 4. Nc3 Bg7 5. Nf3 e6 6. d3 Nge7 7. Bg5 h6 8. Bd2
d5 9. a3 O-O 10. Rb1 b6 11. Qc1 Kh7 12. b4 dxc4 13. dxc4 Rb8 14. O-O Nf5 15.
Rd1 Qe7 16. g4 Nd6 17. bxc5 Nxc4 18. Bf4 e5 19. Bg3 Bxg4 20. Nd5 Qxc5 21. Nc7
N4a5 22. Qxc5 bxc5 23. Na6 Rxb1 24. Rxb1 c4 25. Rb5 e4 26. Ne5 Bxe2 27. Nxc6
Nxc6 28. Rc5 Nd4 29. Bxe4 f5 30. Bd6 Rf6 31. Rd5 Rxd6 32. Rxd6 fxe4 33. Nb4 c3
34. Rd7 c2 35. Rc7 Bd3 36. Kg2 h5 37. h4 Kh6 38. Nd5 Ne2 39. Ne7 Kh7 40. Nd5
c1=Q 41. Nf6+ Kh8 0-1

[Event "Sportsko leto 2013"]
[Site "Paracin"]
[Date "2013.07.08"]
[Round "4.3"]
[White "Olszewski, Michal"]
[Black "Abramovic, Bosko"]
[Result "0-1"]
[WhiteElo "2551"]
[BlackElo "2427"]
[PlyCount "180"]
[EventDate "2013.??.??"]

1. e4 e5 2. Nf3 Nc6 3. Bb5 d6 4. O-O Bd7 5. c3 g6 6. d4 Bg7 7. d5 Nce7 8. Bxd7+
Qxd7 9. c4 Nf6 10. Nc3 O-O 11. Ne1 Ne8 12. Nd3 f5 13. f3 Nf6 14. Nf2 Kh8 15.
Bd2 Neg8 16. Qc1 h6 17. b4 fxe4 18. Nfxe4 Nxe4 19. Nxe4 Kh7 20. Qc2 Nf6 21. Be3
Nxe4 22. Qxe4 a5 23. a3 Qf5 24. c5 h5 25. Rac1 Rf7 26. bxa5 Rxa5 27. Qb4 Ra6
28. Qb3 Bf8 29. c6 b6 30. Rc4 Bh6 31. Bf2 Qg5 32. Re4 Rf8 33. a4 Qd8 34. g3 Ra8
35. Rfe1 Qf6 36. Kg2 Rf7 37. Rf1 Bd2 38. Qd3 Bh6 39. Be1 Qf5 40. Qe2 Kg8 41.
Bc3 Kh7 42. h4 Qc8 43. Qc2 Qf5 44. Rf2 Rg8 45. a5 bxa5 46. Bxa5 Ra8 47. Be1 Ra3
48. Qe2 Qc8 49. Bb4 Ra8 50. Bc3 Qf5 51. Rf1 Ra3 52. Qb2 Ra8 53. Rf2 Raf8 54.
Ba5 Ra8 55. Qb5 Qc8 56. Bc3 Qf5 57. Qb7 Ra2 58. Bb2 Bc1 59. Ree2 Qd3 60. Qb4
Qxd5 61. Qc3 Bxb2 62. Rxb2 Ra4 63. Rbc2 Rd4 64. Qe3 Rd3 65. Qe4 Qxe4 66. fxe4
Rxf2+ 67. Kxf2 Kg7 68. Ra2 Rc3 69. Ra6 Kf6 70. Ke2 Ke6 71. Kd2 Rc4 72. Kd3 Rc5
73. Ke3 d5 74. exd5+ Kxd5 75. Ra8 Rc3+ 76. Kf2 Rxc6 77. Ke3 Rc3+ 78. Kf2 Ke4
79. Rg8 Rf3+ 80. Kg2 Rf6 81. Rc8 c6 82. Rc7 Ke3 83. g4 hxg4 84. Kg3 e4 85. Kxg4
Ke2 86. Kg5 Re6 87. h5 gxh5 88. Kf5 Re8 89. Rxc6 e3 90. Kg5 Kf2 0-1

[Event "Sportsko leto 2013"]
[Site "Paracin"]
[Date "2013.07.08"]
[Round "4.4"]
[White "Savic, Miodrag R"]
[Black "Tomic, Bosko"]
[Result "0-1"]
[WhiteElo "2529"]
[BlackElo "2425"]
[PlyCount "140"]
[EventDate "2013.??.??"]

1. e4 c5 2. c3 d6 3. Nf3 Nf6 4. h3 Nc6 5. Bd3 g5 6. Na3 Rg8 7. Nc4 h5 8. e5 Nd5
9. g3 g4 10. hxg4 hxg4 11. Bh7 Rg7 12. Be4 Be6 13. Nh4 dxe5 14. Qe2 Qd7 15. Bc2
Ndb4 16. Be4 f5 17. Nxf5 Bxf5 18. cxb4 Nd4 19. Qe3 Qe6 20. b3 Qg6 21. Bxf5 Qxf5
22. Kf1 Rh7 23. Rh4 Rxh4 24. gxh4 Nc2 25. Qxc5 Nxa1 26. Bb2 Rc8 27. Qb5+ Qd7
28. Qxd7+ Kxd7 29. Bxa1 Bg7 30. Kg2 Bf6 31. Kg3 Ke6 32. b5 b6 33. Bc3 Rh8 34.
Kxg4 Rxh4+ 35. Kf3 e4+ 36. Kg3 Rh1 37. Kf4 Bxc3 38. dxc3 Rc1 39. Kxe4 Rxc3 40.
Ne3 Rc5 41. a4 Rc3 42. Nf5 Rc1 43. Nd4+ Kd6 44. Nc6 a5 45. f4 Rb1 46. Nd4 Re1+
47. Kd3 Kd5 48. Nc6 e6 49. b4 axb4 50. Nxb4+ Kc5 51. Nc2 Rf1 52. Ke4 Kd6 53.
Ke3 Rc1 54. Kd2 Rh1 55. Kd3 Rh2 56. Ne3 Ra2 57. f5 exf5 58. Nxf5+ Kc5 59. Ne3
Rxa4 60. Nc2 Rh4 61. Kc3 Rh3+ 62. Kb2 Kxb5 63. Na3+ Ka4 64. Nc4 Rh2+ 65. Kc3 b5
66. Nb6+ Ka3 67. Nd5 Rh3+ 68. Kc2 b4 69. Nf4 b3+ 70. Kd2 Rh2+ 0-1

[Event "Sportsko leto 2013"]
[Site "Paracin"]
[Date "2013.07.08"]
[Round "4.5"]
[White "Cioara, Andrei-Nestor"]
[Black "Nestorovic, Dejan"]
[Result "1-0"]
[WhiteElo "2465"]
[BlackElo "2411"]
[PlyCount "89"]
[EventDate "2013.??.??"]

1. d4 Nf6 2. c4 e6 3. g3 Bb4+ 4. Bd2 Qe7 5. Bg2 O-O 6. Nc3 d6 7. e3 Bxc3 8.
Bxc3 e5 9. Ne2 exd4 10. Nxd4 Ne4 11. Qc2 Re8 12. O-O Nc6 13. Rfe1 Bd7 14. b3
Nxc3 15. Qxc3 a6 16. c5 dxc5 17. Nxc6 Bxc6 18. Bxc6 bxc6 19. Rac1 a5 20. Qxc5
Qxc5 21. Rxc5 Ra6 22. Rec1 a4 23. b4 Re6 24. b5 cxb5 25. Rxb5 g6 26. Rxc7 a3
27. Rbb7 Rf6 28. Ra7 Rab6 29. Rc2 Ra6 30. Rxa6 Rxa6 31. Rc3 h5 32. Kf1 Kg7 33.
Ke2 Kf6 34. h3 Ra4 35. Kd3 Rb4 36. Rxa3 Rb2 37. Ra4 g5 38. f4 g4 39. Ra5 gxh3
40. Rxh5 h2 41. a4 Ke6 42. g4 Kf6 43. Ke4 Kg6 44. Rh3 Ra2 45. a5 1-0

[Event "Sportsko leto 2013"]
[Site "Paracin"]
[Date "2013.07.08"]
[Round "4.7"]
[White "Ionescu, Doru-Alexandru"]
[Black "Stojanovski, Dejan"]
[Result "0-1"]
[WhiteElo "2330"]
[BlackElo "2439"]
[PlyCount "52"]
[EventDate "2013.??.??"]

1. e4 c5 2. d3 Nc6 3. g3 g6 4. Bg2 Bg7 5. f4 d6 6. Nf3 e6 7. O-O Nge7 8. c3 O-O
9. Be3 b6 10. Na3 Ba6 11. Bf2 Qd7 12. Qd2 Rac8 13. Rad1 h6 14. Bh3 f5 15. exf5
exf5 16. Rfe1 Bb7 17. Bg2 Na5 18. d4 c4 19. d5 Nxd5 20. Nh4 Nf6 21. Nxg6 Rfe8
22. Qxd6 Rxe1+ 23. Bxe1 Qxd6 24. Rxd6 Re8 25. Nc2 Bxg2 26. Kxg2 Re2+ 0-1

[Event "Sportsko leto 2013"]
[Site "Paracin"]
[Date "2013.07.08"]
[Round "4.8"]
[White "Zlatanovic, Boroljub"]
[Black "Atalik, Suat"]
[Result "1/2-1/2"]
[WhiteElo "2416"]
[BlackElo "2568"]
[PlyCount "170"]
[EventDate "2013.??.??"]

1. g3 d5 2. Bg2 g6 3. Nf3 Bg7 4. O-O Nf6 5. d3 O-O 6. Nc3 c5 7. e4 Nc6 8. exd5
Nxd5 9. Nxd5 Qxd5 10. Be3 Qd6 11. Nd2 b6 12. Nc4 Qd7 13. a4 Bb7 14. a5 Ne5 15.
Nxe5 Bxe5 16. axb6 axb6 17. Rxa8 Rxa8 18. b3 Bxg2 19. Kxg2 Ra2 20. Re1 Qd5+ 21.
Kg1 h5 22. h4 e6 23. Qe2 Bc3 24. Rc1 b5 25. Qf1 b4 26. Qg2 f5 27. Qxd5 exd5 28.
Kg2 d4 29. Bg5 Kf7 30. Kf3 Ke6 31. Ke2 Kd5 32. Bf4 Ra6 33. Kf3 Ke6 34. Ke2 Kf7
35. Kf3 Re6 36. Rb1 Ke8 37. Rd1 Kd7 38. Rb1 Kc6 39. Rd1 Re8 40. Rb1 Ra8 41. Ke2
Ra2 42. Rc1 Kd7 43. Kf3 Ke6 44. Ke2 Kf7 45. Bd6 Bb2 46. Re1 Ra6 47. Bf4 Bc3 48.
Rb1 Ke6 49. Rc1 Ra8 50. Rb1 Kd5 51. Rc1 Bb2 52. Re1 Bc3 53. Rc1 Kc6 54. Rb1
Re8+ 55. Kf3 Rd8 56. Ke2 Kd5 57. Rd1 Re8+ 58. Kf3 Ra8 59. Rc1 Ra2 60. Ke2 Kc6
61. Bg5 Bb2 62. Re1 Bc3 63. Rc1 Kd7 64. Bf4 Ke6 65. Kf3 Kf7 66. Ke2 Rb2 67. Bd6
Ke6 68. Bf4 Kd5 69. Kf3 Kc6 70. Ke2 Kd7 71. Bg5 f4 72. Bxf4 Ke6 73. Bg5 Ra2 74.
Kf3 Kd5 75. Ke2 Ra8 76. Kf3 Rf8+ 77. Ke2 Ke6 78. Bf4 Rf7 79. Rg1 Kd5 80. Bg5
Ra7 81. Kf3 Ra2 82. Rc1 Ra8 83. Rg1 Ra2 84. Rc1 Ra7 85. Rg1 Ra2 1/2-1/2

[Event "Sportsko leto 2013"]
[Site "Paracin"]
[Date "2013.07.08"]
[Round "4.9"]
[White "Nestorovic, Lazar"]
[Black "Gleizerov, Evgeny"]
[Result "0-1"]
[WhiteElo "2394"]
[BlackElo "2553"]
[PlyCount "50"]
[EventDate "2013.??.??"]

1. e4 e6 2. d4 d5 3. exd5 exd5 4. Nf3 Nf6 5. Bd3 Be7 6. O-O O-O 7. Bf4 Bg4 8.
Nbd2 c5 9. dxc5 Bxc5 10. c3 Nc6 11. Qb3 Bb6 12. Ne5 Bh5 13. Qa4 Nxe5 14. Bxe5
Re8 15. Bd4 Bc7 16. Qb4 Ne4 17. Bxe4 dxe4 18. Qxb7 Rb8 19. Qc6 Re6 20. Qc5 Be2
21. Rfe1 Bxh2+ 22. Kxh2 Qh4+ 23. Kg1 Rh6 24. f3 exf3 25. Qe5 f2+ 0-1

[Event "Sportsko leto 2013"]
[Site "Paracin"]
[Date "2013.07.08"]
[Round "4.10"]
[White "Nenezic, Marko"]
[Black "Kosic, Dragan"]
[Result "1/2-1/2"]
[WhiteElo "2391"]
[BlackElo "2490"]
[PlyCount "53"]
[EventDate "2013.??.??"]

1. Nf3 Nf6 2. c4 e6 3. Nc3 Bb4 4. Qc2 O-O 5. a3 Bxc3 6. Qxc3 d6 7. e3 e5 8. b4
a5 9. Bb2 axb4 10. axb4 Rxa1+ 11. Bxa1 Nc6 12. d3 Re8 13. Be2 Bg4 14. O-O Qe7
15. h3 Bh5 16. Bb2 Ra8 17. Ra1 Qd8 18. Rxa8 Qxa8 19. g4 Bg6 20. Nh4 Nd7 21. Bf3
Qa4 22. Nxg6 hxg6 23. Ba3 Nd8 24. Bb2 Nc6 25. Ba3 Nd8 26. Bb2 Nc6 27. Ba3
1/2-1/2

[Event "Sportsko leto 2013"]
[Site "Paracin"]
[Date "2013.07.08"]
[Round "4.11"]
[White "Drenchev, Petar"]
[Black "Cvetkovic, Srdjan"]
[Result "1-0"]
[WhiteElo "2483"]
[BlackElo "2385"]
[PlyCount "103"]
[EventDate "2013.??.??"]

1. d4 Nf6 2. c4 e6 3. Nf3 d5 4. Nc3 Nbd7 5. e3 Be7 6. Bd3 O-O 7. b3 b6 8. O-O
Bb7 9. Bb2 c5 10. Qe2 Rc8 11. Rac1 Qc7 12. Rfd1 cxd4 13. exd4 Qb8 14. Ne5 Rfd8
15. f4 g6 16. Rf1 Nf8 17. Rcd1 Qa8 18. Bb1 a6 19. a3 dxc4 20. bxc4 b5 21. c5
Bd5 22. Nxd5 Nxd5 23. Bd3 Bf6 24. Ra1 Rb8 25. a4 Qb7 26. axb5 axb5 27. g3 b4
28. Rfc1 Bxe5 29. dxe5 Ra8 30. c6 Qb6+ 31. Qf2 Qxf2+ 32. Kxf2 Rxa1 33. Bxa1 g5
34. Be4 gxf4 35. gxf4 Ng6 36. Bxd5 exd5 37. c7 Rc8 38. Ke3 Kf8 39. f5 Ne7 40.
Kf4 d4 41. Ke4 d3 42. f6 Ng6 43. Kxd3 Ke8 44. Ke4 Kd7 45. Kf5 Nf8 46. Kg5 Rxc7
47. Rxc7+ Kxc7 48. h4 Kd7 49. h5 Ke6 50. Kh6 b3 51. Kg7 Nd7 52. Kxh7 1-0

[Event "Sportsko leto 2013"]
[Site "Paracin"]
[Date "2013.07.08"]
[Round "4.12"]
[White "Tosic, Srecko"]
[Black "Lajthajm, Borko"]
[Result "0-1"]
[WhiteElo "2389"]
[BlackElo "2477"]
[PlyCount "120"]
[EventDate "2013.??.??"]

1. d4 Nf6 2. Bg5 e6 3. e4 h6 4. Bxf6 Qxf6 5. Nf3 d6 6. Nc3 Nd7 7. Qd2 c6 8.
O-O-O e5 9. Kb1 Be7 10. h4 a5 11. Ne2 Nb6 12. Ng3 Bg4 13. Be2 exd4 14. Qxd4
Bxf3 15. Bxf3 Qxd4 16. Rxd4 Bf6 17. Rd3 O-O-O 18. Nh5 Be5 19. Bg4+ Kc7 20. f4
Bf6 21. Bf3 Nd7 22. c3 Rhe8 23. Re3 g6 24. Nxf6 Nxf6 25. Rhe1 Nd7 26. Bg4 Nb6
27. e5 dxe5 28. Rxe5 Rxe5 29. Rxe5 Rd2 30. Re2 Rd1+ 31. Kc2 Rf1 32. Re7+ Kb8
33. Bf3 f5 34. Re6 Rf2+ 35. Re2 Rf1 36. Re6 Rh1 37. g3 Rh2+ 38. Kc1 Na4 39.
Rxg6 Nxb2 40. Rxh6 Nd3+ 41. Kd1 Rxa2 42. Be2 Nf2+ 43. Ke1 Ne4 44. Bc4 Ra1+ 45.
Ke2 Nxc3+ 46. Ke3 Ne4 47. g4 Re1+ 48. Kf3 Nd2+ 49. Kf2 Rc1 50. Bd3 fxg4 51. f5
g3+ 52. Kg2 Nc4 53. Bxc4 Rxc4 54. Kxg3 Rc1 55. Rh8+ Ka7 56. h5 a4 57. h6 a3 58.
h7 Rh1 59. f6 a2 60. f7 a1=Q 0-1

[Event "Sportsko leto 2013"]
[Site "Paracin, hotel "]
[Date "2013.07.08"]
[Round "4.13"]
[White "Kasparov, Sergey"]
[Black "Brankovic, Dejan"]
[Result "1/2-1/2"]
[WhiteElo "2470"]
[BlackElo "2359"]
[PlyCount "119"]
[EventDate "2013.07.05"]

1. e4 c5 2. Nf3 e6 3. d4 cxd4 4. Nxd4 Nf6 5. Nc3 Nc6 6. Nxc6 bxc6 7. e5 Nd5 8.
Ne4 f5 9. exf6 Nxf6 10. Nd6+ Bxd6 11. Qxd6 Qe7 12. Bf4 Qxd6 13. Bxd6 Ne4 14.
Ba3 d5 15. Bd3 Nf6 16. O-O a5 17. Rfe1 Kf7 18. c4 Ba6 19. b3 a4 20. f3 Rhd8 21.
Bf1 dxc4 22. bxc4 Rd2 23. Bb4 Rb2 24. Bc3 Rc2 25. Rec1 Rxc1 26. Rxc1 Rb8 27.
Kf2 c5 28. Rd1 Ke7 29. Ke3 Ne8 30. Be5 Rb4 31. Kd2 Nd6 32. Bxd6+ Kxd6 33. Kc3+
Ke7 34. Bd3 h6 35. Rb1 Rxb1 36. Bxb1 Kf6 37. Be4 a3 38. f4 g5 39. g3 gxf4 40.
gxf4 e5 41. fxe5+ Kxe5 42. Bd5 Bc8 43. h4 Bg4 44. Kb3 Kd4 45. Kxa3 Be2 46. Kb3
Bd1+ 47. Kb2 Be2 48. a4 Bxc4 49. Bb7 Bd3 50. Kc1 Bc4 51. Kd2 Bb3 52. a5 Bc4 53.
Kc2 Bd3+ 54. Kc1 Bb5 55. Kb2 c4 56. Bc8 c3+ 57. Kc2 Bd3+ 58. Kb3 Bc4+ 59. Kc2
Bd3+ 60. Kb3 1/2-1/2

[Event "Sportsko leto 2013"]
[Site "Paracin, hotel "]
[Date "2013.07.08"]
[Round "4.14"]
[White "Mladenovic, Stefan"]
[Black "Kuzmicz, Krystian"]
[Result "0-1"]
[WhiteElo "2307"]
[BlackElo "2470"]
[PlyCount "78"]
[EventDate "2013.07.05"]

1. d4 g6 2. Nf3 Bg7 3. c4 c5 4. d5 f5 5. g3 d6 6. Bg2 Nf6 7. Nc3 O-O 8. O-O Na6
9. Nd2 Nc7 10. Qc2 Rb8 11. a4 b6 12. b3 e5 13. dxe6 Bxe6 14. Bb2 d5 15. Nxd5
Nfxd5 16. Bxg7 Kxg7 17. cxd5 Nxd5 18. e4 Nb4 19. Qc3+ Qd4 20. Qxd4+ cxd4 21. a5
b5 22. Rac1 Rbc8 23. exf5 Bxf5 24. Ne4 Bxe4 25. Bxe4 d3 26. Rcd1 Rc3 27. Rd2
Kf6 28. Rfd1 Rd8 29. f4 Rd4 30. Bf3 Rxb3 31. Kf2 Ra3 32. Rc1 Rc4 33. Rb1 Rxa5
34. Ke3 Ra3 35. Rdb2 a5 36. Bd1 Nd5+ 37. Kd2 Nc3 38. Rxb5 Nxb1+ 39. Rxb1 Rb4
0-1

[Event "Sportsko leto 2013"]
[Site "Paracin, hotel "]
[Date "2013.07.08"]
[Round "4.15"]
[White "Bogdanovski, Vlatko"]
[Black "Todic, Zoran"]
[Result "1-0"]
[WhiteElo "2435"]
[BlackElo "2275"]
[PlyCount "75"]
[EventDate "2013.07.05"]

1. d4 Nf6 2. Nf3 d6 3. c4 Nbd7 4. Nc3 e5 5. e4 Be7 6. Be2 h6 7. O-O c6 8. Be3
Ng4 9. Bd2 Qc7 10. d5 a5 11. a3 Nb6 12. b3 Nf6 13. Be3 Bd7 14. Nd2 g5 15. Rc1
c5 16. b4 axb4 17. axb4 Ba4 18. Nxa4 Rxa4 19. bxc5 dxc5 20. Rb1 Ra6 21. Rb3 Nc8
22. Qc2 Nd6 23. Rfb1 O-O 24. h4 Nd7 25. Bg4 Nb6 26. Qb2 Ndxc4 27. Nxc4 Nxc4 28.
Rxb7 Qd6 29. Qe2 Nxe3 30. Rd7 Qf6 31. fxe3 Rfa8 32. Rbb7 Ra1+ 33. Kh2 Rf1 34.
Rxe7 Raa1 35. h5 Rae1 36. Qd3 Rh1+ 37. Kg3 Reg1 38. Rxf7 1-0

[Event "Sportsko leto 2013"]
[Site "Paracin, hotel "]
[Date "2013.07.08"]
[Round "4.16"]
[White "Ilic, Zoran S"]
[Black "Strzemiecki, Zbigniew"]
[Result "1/2-1/2"]
[WhiteElo "2291"]
[BlackElo "2431"]
[PlyCount "71"]
[EventDate "2013.07.05"]

1. d4 Nf6 2. Nf3 e6 3. c4 b6 4. g3 Ba6 5. b3 b5 6. cxb5 Bxb5 7. Bg2 d5 8. O-O
Nbd7 9. Nc3 Ba6 10. Ne5 Nxe5 11. dxe5 Nd7 12. Nxd5 exd5 13. Qxd5 Nb6 14. Qc6+
Qd7 15. Rd1 Qxc6 16. Bxc6+ Ke7 17. Bxa8 Nxa8 18. Bg5+ f6 19. exf6+ gxf6 20. Bf4
Bg7 21. Rac1 Rd8 22. Rxd8 Kxd8 23. e4 Bb7 24. Rc4 Bf8 25. Rd4+ Ke8 26. g4 c5
27. Rd1 Nb6 28. f3 Nd7 29. Kg2 Bc6 30. Rd3 Kf7 31. Kg3 Ke6 32. Bc7 Be7 33. Rd2
Kf7 34. Rd1 Ke6 35. Rd2 Kf7 36. Rd1 1/2-1/2

[Event "Sportsko leto 2013"]
[Site "Paracin, hotel "]
[Date "2013.07.08"]
[Round "4.17"]
[White "Atalik, Ekaterina"]
[Black "Markovic, Aleksandar"]
[Result "1-0"]
[WhiteElo "2430"]
[BlackElo "2111"]
[PlyCount "99"]
[EventDate "2013.07.05"]

1. d4 Nf6 2. c4 g6 3. Nc3 Bg7 4. e4 O-O 5. Nf3 c6 6. Bd3 d6 7. h3 a6 8. O-O b5
9. Bg5 Nbd7 10. e5 Ne8 11. Qe2 dxe5 12. dxe5 Nc5 13. Bc2 Ne6 14. Be3 Qc7 15.
cxb5 axb5 16. Rfc1 Bxe5 17. Nxb5 Qb8 18. Be4 Bb7 19. Bxc6 Bxc6 20. Rxc6 Bg7 21.
Rb6 Qd8 22. Rd1 Qc8 23. a3 Rb8 24. Na7 Qc7 25. Rxb8 Qxb8 26. Nc6 Qb7 27. Ncd4
N8c7 28. b4 Ra8 29. Nxe6 Nxe6 30. Ng5 Nxg5 31. Bxg5 h6 32. Qxe7 Qxe7 33. Bxe7
Rxa3 34. Bc5 Rb3 35. Kf1 Bc3 36. Rd8+ Kg7 37. Ke2 Bxb4 38. Bd4+ f6 39. Rd7+ Kg8
40. Rb7 Rb1 41. Bc3 Bxc3 42. Rxb1 Kf7 43. Rb7+ Ke6 44. g4 Be5 45. Kf3 Bc3 46.
Rg7 Bd2 47. h4 Bc1 48. Rxg6 Kf7 49. h5 Bd2 50. Ke4 1-0

[Event "Sportsko leto 2013"]
[Site "Paracin, hotel "]
[Date "2013.07.08"]
[Round "4.18"]
[White "Cerovic, Danilo"]
[Black "Arsovic, Zoran"]
[Result "1/2-1/2"]
[WhiteElo "2340"]
[BlackElo "2417"]
[PlyCount "44"]
[EventDate "2013.07.05"]

1. e4 c5 2. Nf3 e6 3. d4 cxd4 4. Nxd4 Nc6 5. Nc3 Qc7 6. Be3 a6 7. Qd2 Nf6 8.
O-O-O Bb4 9. f3 O-O 10. g4 Ne5 11. g5 Nh5 12. a3 Bxc3 13. Qxc3 Qxc3 14. bxc3 d5
15. Be2 Ng6 16. exd5 exd5 17. Rhe1 Bh3 18. c4 Nhf4 19. Bxf4 Nxf4 20. cxd5 Nxd5
21. Bc4 Nb6 22. Bb3 Rfe8 1/2-1/2

[Event "Sportsko leto 2013"]
[Site "Paracin, hotel "]
[Date "2013.07.08"]
[Round "4.19"]
[White "Smith, Bryan G"]
[Black "Spiric, Igor"]
[Result "1-0"]
[WhiteElo "2456"]
[BlackElo "2255"]
[PlyCount "51"]
[EventDate "2013.07.05"]

1. e4 e6 2. d4 b6 3. Nf3 Bb7 4. Bd3 Nf6 5. Qe2 d5 6. e5 Nfd7 7. Ng5 g6 8. h4
Qe7 9. h5 Bg7 10. Nf3 gxh5 11. Bg5 f6 12. exf6 Bxf6 13. Bxf6 Qxf6 14. Nc3 Kd8
15. O-O-O Nc6 16. Rxh5 Nf8 17. Qe3 Bc8 18. Rh6 Qg7 19. Nxd5 exd5 20. Rxc6 Bg4
21. Re1 Bd7 22. Rc3 Ne6 23. Ne5 Nf8 24. Nf7+ Qxf7 25. Qg5+ Kc8 26. Ba6+ 1-0

[Event "Sportsko leto 2013"]
[Site "Paracin, hotel "]
[Date "2013.07.08"]
[Round "4.20"]
[White "Ratkovic, Miloje"]
[Black "Maksimovic, Branimir"]
[Result "0-1"]
[WhiteElo "2258"]
[BlackElo "2423"]
[PlyCount "78"]
[EventDate "2013.07.05"]

1. d4 e6 2. c4 Bb4+ 3. Nc3 c5 4. e3 d5 5. Nf3 Nf6 6. Bd3 dxc4 7. Bxc4 Nbd7 8.
O-O O-O 9. Qe2 a6 10. a3 Bxc3 11. bxc3 b5 12. Bd3 Bb7 13. e4 Qc7 14. e5 Nd5 15.
Bd2 Rae8 16. Ng5 f5 17. exf6 N5xf6 18. c4 h6 19. Ne4 bxc4 20. Nxf6+ Nxf6 21.
Bxc4 Qc6 22. f4 cxd4 23. Bb4 Rf7 24. f5 d3 25. Bxd3 exf5 26. Qa2 Qb6+ 27. Kh1
Bd5 28. Qf2 Qb7 29. Rab1 Ng4 30. Qg1 Ne3 31. Rf2 Qd7 32. Bf1 f4 33. Bd2 Ng4 34.
Rxf4 Rxf4 35. Bxf4 Qf5 36. Qd4 Qxb1 37. Qxd5+ Kh8 38. Qc4 Re1 39. Kg1 Qb6+ 0-1

[Event "Sportsko leto 2013"]
[Site "Paracin, hotel "]
[Date "2013.07.08"]
[Round "4.21"]
[White "Burovic, Ismet"]
[Black "Sorgic, Dragan"]
[Result "1/2-1/2"]
[WhiteElo "2361"]
[BlackElo "2265"]
[PlyCount "138"]
[EventDate "2013.07.05"]

1. e4 c5 2. Nc3 Nc6 3. f4 g6 4. Nf3 Bg7 5. Bb5 Nd4 6. Bc4 e6 7. Nxd4 cxd4 8.
Nb5 d5 9. exd5 exd5 10. Bd3 a6 11. Na3 Qh4+ 12. g3 Qh3 13. Bf1 Qd7 14. Bg2 Nf6
15. Qe2+ Qe6 16. d3 O-O 17. Qxe6 Bxe6 18. h3 Rfe8 19. O-O h5 20. b3 Rac8 21.
Bb2 Nd7 22. Rae1 b5 23. Rf2 b4 24. Nb1 Rc5 25. g4 f5 26. gxf5 gxf5 27. Bf3 Nf8
28. Bxh5 Rec8 29. Bd1 Bf6 30. Nd2 Bf7 31. Nf3 Ne6 32. Rxe6 Bxe6 33. Bxd4 Bxd4
34. Nxd4 Bd7 35. Rg2+ Kh7 36. Rg5 Rg8 37. h4 Ra5 38. Bf3 Rg6 39. Kf2 Rd6 40.
Bg2 Rxa2 41. Bh3 Rf6 42. Ke3 a5 43. Nxf5 Bxf5 44. Bxf5+ Kh6 45. d4 Ra1 46. Bd3
Rd6 47. Kf3 Rd1 48. Rg8 Rh1 49. Ra8 Kg7 50. Rxa5 Rxh4 51. Kg3 Rh1 52. Rb5 Kf7
53. Rxb4 Rdh6 54. Rb7+ Kf8 55. Bf5 Rf6 56. Rh7 Rg1+ 57. Kf2 Rd1 58. Bd3 Rxf4+
59. Ke3 Rf7 60. Rxf7+ Kxf7 61. Ke2 Rh1 62. c4 Rh2+ 63. Kd1 Rh4 64. Kc2 Rxd4 65.
Kc3 Rh4 66. cxd5 Ke7 67. Bc4 Kd6 68. Kb4 Rh8 69. Kc3 Rh3+ 1/2-1/2

[Event "Sportsko leto 2013"]
[Site "Paracin, hotel "]
[Date "2013.07.08"]
[Round "4.23"]
[White "Isak, Igor G"]
[Black "Carnic, Srdjan"]
[Result "1/2-1/2"]
[WhiteElo "2053"]
[BlackElo "2341"]
[PlyCount "67"]
[EventDate "2013.07.05"]

1. e4 c5 2. Nf3 e6 3. Nc3 a6 4. g3 b5 5. Bg2 Bb7 6. d3 Nf6 7. O-O Be7 8. Ne2
O-O 9. c3 c4 10. e5 cxd3 11. Qxd3 Nd5 12. h4 d6 13. Ng5 g6 14. exd6 Qxd6 15.
Ne4 Qb6 16. Bg5 Bxg5 17. hxg5 Nd7 18. Qd4 Qxd4 19. Nxd4 Rab8 20. a4 e5 21. Nc2
bxa4 22. Rxa4 N5b6 23. Raa1 Nc4 24. b4 Bxe4 25. Bxe4 Nd2 26. Rfe1 Rfc8 27. Rad1
Nxe4 28. Rxe4 Rb7 29. Re3 Rbc7 30. Rdd3 Nf8 31. Rxe5 Rxc3 32. Rxc3 Rxc3 33. Ne3
Ne6 34. Ra5 1/2-1/2

[Event "Sportsko leto 2013"]
[Site "Paracin, hotel "]
[Date "2013.07.08"]
[Round "4.24"]
[White "Kasparova, Tatiana"]
[Black "Irizanin, Radoje"]
[Result "1/2-1/2"]
[WhiteElo "2133"]
[BlackElo "2333"]
[PlyCount "57"]
[EventDate "2013.07.05"]

1. e4 e5 2. Nf3 d6 3. d4 exd4 4. Nxd4 Nf6 5. Nc3 Be7 6. h3 O-O 7. Bd3 Nc6 8.
Nxc6 bxc6 9. O-O d5 10. Re1 Rb8 11. e5 Nd7 12. Bf5 Nc5 13. Bxc8 Qxc8 14. b3 f6
15. Ba3 fxe5 16. Nxd5 Bd6 17. Nc3 Qf5 18. Qe2 Ne6 19. Bb2 Rb4 20. Ne4 Nf4 21.
Qe3 Qg6 22. Ng3 Qxc2 23. Bxe5 Bxe5 24. Qxe5 Nxh3+ 25. gxh3 Qxf2+ 26. Kh1 Qf3+
27. Kh2 Qf2+ 28. Kh1 Qf3+ 29. Kh2 1/2-1/2

[Event "Sportsko leto 2013"]
[Site "Paracin, hotel "]
[Date "2013.07.08"]
[Round "4.25"]
[White "Ratkovic, Milovan"]
[Black "Jovanovic, Bojan P"]
[Result "1/2-1/2"]
[WhiteElo "2315"]
[BlackElo "2203"]
[PlyCount "67"]
[EventDate "2013.07.05"]

1. d4 f5 2. Nc3 Nf6 3. Bg5 d5 4. Bxf6 exf6 5. e3 Be6 6. Bd3 Qd7 7. Qf3 Nc6 8.
a3 g6 9. Nge2 O-O-O 10. b4 g5 11. b5 Ne5 12. dxe5 fxe5 13. Qh5 e4 14. b6 axb6
15. Bb5 c6 16. Nd4 cxb5 17. Ncxb5 h6 18. Qd1 Bg7 19. Rb1 Qe7 20. c3 Bd7 21. Qa4
Bxb5 22. Nxb5 Be5 23. O-O f4 24. c4 dxc4 25. Rfc1 c3 26. Qa8+ Kd7 27. Qxb7+ Ke8
28. Qc6+ Kf7 29. Nxc3 Qxa3 30. Qc4+ Kg7 31. Ra1 Qe7 32. Qxe4 fxe3 33. Qxe3 Rhe8
34. h3 1/2-1/2

[Event "Sportsko leto 2013"]
[Site "Paracin, hotel "]
[Date "2013.07.08"]
[Round "4.26"]
[White "Stojkovska, Monika"]
[Black "Dinic, Dragan"]
[Result "0-1"]
[WhiteElo "2005"]
[BlackElo "2311"]
[PlyCount "118"]
[EventDate "2013.07.05"]

1. e4 e5 2. Nf3 Qe7 3. Nc3 c6 4. Be2 Nf6 5. O-O d6 6. Re1 g6 7. d4 Bg7 8. d5 c5
9. a4 O-O 10. Nd2 Ne8 11. Nc4 Nd7 12. a5 Nc7 13. f4 exf4 14. Bxf4 Ne5 15. Bxe5
Bxe5 16. Nxe5 Qxe5 17. Bg4 Ne8 18. Bxc8 Rxc8 19. Qf3 Ng7 20. Rf1 f5 21. Qf4
Rce8 22. Qxe5 Rxe5 23. Ra4 Rfe8 24. Nb5 Rd8 25. exf5 Nxf5 26. c4 a6 27. Nc3 Ne3
28. Rf4 Rf8 29. Rxf8+ Kxf8 30. Kf2 Nc2 31. Ne2 Rf5+ 32. Kg3 Ne3 33. b4 Nf1+ 34.
Kh4 Rh5+ 35. Kg4 Nxh2+ 36. Kf4 Rf5+ 37. Ke4 Re5+ 38. Kd3 Ng4 39. bxc5 Nf2+ 40.
Kd2 Ne4+ 41. Kd1 Nxc5 42. Ra3 Re4 43. Rc3 Ke7 44. Ke1 h5 45. Kf2 h4 46. Ng1 Rg4
47. Kf1 Rf4+ 48. Ke2 g5 49. Nf3 Kf6 50. Ke3 Re4+ 51. Kf2 Kf5 52. Nd2 Rd4 53.
Ke3 Rxd2 54. Kxd2 Ne4+ 55. Kd3 Nxc3 56. Kxc3 Ke5 57. Kd3 g4 58. Ke3 h3 59. gxh3
gxh3 0-1